00501 2200169 4500001002100000005001700021006001900038008004100057035002500098041000700123082001100130090001700141100003800158245009600196260003000292990000900322INLIS00000000000058220140224105533.0a ||| | 180719| ||| | id  a0010-031300000000582 aid0 a297.23 a297.23 MUS p0 aAbdul Aziz bin Nashir Al Musainid00aPelembut Hati : Mengingat Kematian & Adzab Kubur, dilengkapi hukum & etika mengurus jenazah aBandungbAlif mediac2005 a3214